00407nam a2200145Ia 4500100001600000942000700016654001400023245004200037260004300079082001000122300000800132546001200140999001700152952009200169 aLevinson/l  cBK aMechanics aFundamentals of Engineering Mechanics bForeign Language PublicationaMoscow a620.1 a331 aENGLISH c26783d26783 001040708AFTaCRCEbCRCEd2023-03-17l0o620.1 pAFT1962r2023-03-17w2023-03-17yBK